000 00334nam a22001457a 4500
003 OSt
008 220509b ||||| |||| 00| 0 eng d
082 _a891.439 JNH
100 _aJUNEJA,M.M
245 _aHum Kaise Jiye
260 _aPanchkula
_bModern Publication
_c2018
300 _a120
650 _aGernal Book
942 _2ddc
_cBK
999 _c11191
_d11191